| 000 | 00698nam a22001697a 4500 | ||
|---|---|---|---|
| 005 | 20250717160208.0 | ||
| 008 | 250717b |||||||| |||| 00| 0 eng d | ||
| 020 | _a978-0-8389-1639-1 | ||
| 050 | _aHF5736 .M66 2018 | ||
| 100 | _a MOORADIAN, NORMAN | ||
| 245 | _aETHICS FOR RECORDS AND INFORMATION MANAGEMENT | ||
| 260 |
_aCHICAGO _bALA NEAL-SCHUMAN, AN IMPRINT OF THE AMERICAN LIBRARY ASSOCIATION _c 2018 |
||
| 300 | _aXXVI, 191P.: ILL | ||
| 500 | _aINCLUDES BIBLIOGRAPHICAL REFERENCES AND INDEX | ||
| 650 | _a1. RECORDS--MANAGEMENT--MORAL AND ETHICAL ASPECTS 2. INFORMATION RESOURCES MANAGEMENT--MORAL AND ETHICAL ASPECTS 3. INFORMATION SCIENTISTS--PROFESSIONAL ETHICS | ||
| 942 |
_2lcc _cBK |
||
| 999 |
_c215928 _d215928 |
||